00864naa#a2200181#i#4500001002000000005001700020011001400037100004100051102000700092200022200099210007800321215001100399608004500410675010300455700005600558700005200614856001600666RU\RIOR\bibl\12441220260629114958.1##a2409-6024##a20260530b2026####ek#y0rusy0150####ca##aRU1#aНАУЧНО-ОБРАЗОВАТЕЛЬНЫЙ ПОТЕНЦИАЛ УНИВЕРСИТЕТА КАК ОБЪЕКТ УПРАВЛЕНИЯ В СОВРЕМЕННОЙ ЦИФРОВОЙ СРЕДЕeЖурнальная статья1#aМоскваcООО "Издательский Центр РИОР"d2026##a12 с.##aЖурнальная статья2local##aЭкономика. Народное хозяйство. Экономические науки. 33#1aБариевgРоман Александрович#1aБодякоgАнна Владимировна4#ariorpub.com